UM Logo

Exercise physiology : (Record no. 23739)

MARC details
000 -LEADER
fixed length control field 00849nam a22002177a 4500
005 - DATE AND TIME OF LATEST TRANSACTION
control field 20250923090802.0
008 - FIXED-LENGTH DATA ELEMENTS--GENERAL INFORMATION
fixed length control field 250911b |||||||| |||| 00| 0 eng d
020 ## - INTERNATIONAL STANDARD BOOK NUMBER
International Standard Book Number 9781975213534
082 ## - DEWEY DECIMAL CLASSIFICATION NUMBER
Classification number DC 612.044 K855 2025
100 ## - MAIN ENTRY--PERSONAL NAME
Personal name Kraemer, William J.
9 (RLIN) 67381
245 ## - TITLE STATEMENT
Title Exercise physiology :
Remainder of title integrating theory and application /
Statement of responsibility, etc. William J. Kraemer, Steven J. Fleck, and Michael R. Deschenes.
250 ## - EDITION STATEMENT
Edition statement Fourth edition ;
Remainder of edition statement international edition.
260 ## - PUBLICATION, DISTRIBUTION, ETC. (IMPRINT)
Place of publication, distribution, etc. Philadelphia :
Name of publisher, distributor, etc. Wolters Kluwer,
Date of publication, distribution, etc. ©2025.
300 ## - PHYSICAL DESCRIPTION
Extent xvii, 670 pages :
Other physical details illustrations (some colors) ;
Dimensions 28 cm.
500 ## - GENERAL NOTE
General note Includes index.
650 #0 - SUBJECT ADDED ENTRY--TOPICAL TERM
Topical term or geographic name as entry element MESH : Sports nutritional psychological phenomena.
9 (RLIN) 68066
650 #0 - SUBJECT ADDED ENTRY--TOPICAL TERM
Topical term or geographic name as entry element Physical fitness.
9 (RLIN) 68067
700 ## - ADDED ENTRY--PERSONAL NAME
Personal name Fleck, Steven J.
9 (RLIN) 67382
Relator term author.
700 ## - ADDED ENTRY--PERSONAL NAME
Personal name Deschenes, Michael R.
9 (RLIN) 67383
Relator term author.
942 ## - ADDED ENTRY ELEMENTS (KOHA)
Source of classification or shelving scheme Dewey Decimal Classification
Koha item type Circulation
Holdings
Withdrawn status Lost status Source of classification or shelving scheme Damaged status Not for loan Collection code Home library Current library Date acquired Source of acquisition Cost, normal purchase price Total Checkouts Full call number Barcode Date last seen Price effective from Koha item type
    Dewey Decimal Classification     Circulation UM Digos College - LIC UM Digos College - LIC 08/11/2025 Purchased 11750.00   DC 612.044 K855 2025 28764 09/11/2025 09/11/2025 Circulation